=LDR 00000nam 2200000 4500 =001 INLIS000000000023916 =005 20201216070330 =035 ##$$a 0010-061300000023916 =008 201216################g##########0#ind## =020 ##$$a 979-8726-06-5 =082 ##$$a 323.442 =245 ##$$a Agama dan hak-hak asasi manusia /$c Penerjemah : Ahmad Suaedy dan Elga Sarapung =260 ##$$a Jakarta :$b Pustaka Pelajar,$c 1997 =300 ##$$a xviii, 225 hlm. ; $c 15x21 cm. =850 ##$$a BPAP =084 ##$$a 323.442 AGA a =650 #4$$a Agama dan hak-hak asasi manusia =700 #$$a Suaedy, Ahmad =504 ##$$a Indeks : hlm. 221 - 225 =990 ##$$a 136.557 pro.98 =990 ##$$a 00044682 =990 ##$$a 136.558 pro.98